[Event "Druzynowe Mistrzostwa Polski - II liga"]
[Site "Dom Wczasowy VIS Jastrzebia Gora"]
[Date "1899-12-30"]
[Round "5.41"]
[White "Mazurkiewicz, Michal"]
[Black "Pelowski, Zdzislaw"]
[Result "1-0"]
[WhiteTitle "CM"]
[BlackTitle "I"]
[WhiteElo "2159"]
[BlackElo "1748"]

1. e4 c6 2. d3 d5 3. Nd2 g6 4. Ngf3 Bg4 5. h3 Bxf3 6. Qxf3 Bg7 7. g3 e6 8. Bg2
Nf6 9. h4 h5 10. O-O O-O 11. Re1 Qb6 12. Nb3 Nbd7 13. Bh3 Ne5 14. Qe2 dxe4 15.
dxe4 Rad8 16. Be3 Qc7 17. Bg5 Rc8 18. f4 Ned7 19. e5 Qb6+ 20. Kh2 Nd5 21. c4 Nc7
22. Rad1 Nb8 23. Rd2 Rfe8 24. g4 hxg4 25. Qxg4 Qb4 26. h5 Qf8 27. Qh4 b5 28. h6
bxc4 29. hxg7 Qxg7 30. Nc5 Nd5 31. Ne4 Rc7 32. Rxd5 1-0

[Event "Druzynowe Mistrzostwa Polski - II liga"]
[Site "Dom Wczasowy VIS Jastrzebia Gora"]
[Date "1899-12-30"]
[Round "5.42"]
[White "Baginskaite, Kamile"]
[Black "Krupa, Monika"]
[Result "1/2-1/2"]
[WhiteTitle "WGM"]
[BlackTitle "WGM"]
[WhiteElo "2125"]
[BlackElo "2140"]

1. d4 Nf6 2. Nf3 e6 3. g3 c5 4. Bg2 Nc6 5. O-O d5 6. c4 dxc4 7. dxc5 Bxc5 8. Qxd8+
Kxd8 9. Nbd2 c3 10. bxc3 Bd7 11. Nb3 Bd6 12. Nfd4 Rc8 13. Nb5 Be7 14. Be3 a6 15.
Bb6+ Ke8 16. N5d4 e5 17. Nc2 Be6 18. Rfd1 Nd7 19. Be3 f5 20. Nb4 Bxb4 21. cxb4
Nxb4 22. Bxb7 Rc7 23. Na5 Kf7 24. Rac1 Rxc1 25. Rxc1 Nxa2 26. Rc7 Kf6 27. Bxa6
Ra8 28. Ra7 Rxa7 1/2-1/2

[Event "Druzynowe Mistrzostwa Polski - II liga"]
[Site "Dom Wczasowy VIS Jastrzebia Gora"]
[Date "1899-12-30"]
[Round "5.43"]
[White "Stachowiak, Kamil"]
[Black "Jaskolka, Tomasz"]
[Result "1-0"]
[WhiteTitle "IM"]
[BlackTitle "CM"]
[WhiteElo "2476"]
[BlackElo "2213"]

1. Nf3 d5 2. c4 c6 3. d4 Nf6 4. Nc3 a6 5. Qc2 g6 6. e4 dxe4 7. Nxe4 Nxe4 8. Qxe4
Bg7 9. Be2 c5 10. d5 Qa5+ 11. Nd2 Bf5 12. Qe3 h5 13. O-O Nd7 14. Nb3 Qc7 15. Re1
Qe5 16. Qd2 Qd6 17. Bd3 Bxd3 18. Qxd3 e5 19. f4 O-O 20. f5 b5 21. Nd2 Nb6 22.
b3 e4 23. Nxe4 Qe5 24. Be3 Qxf5 25. Rf1 bxc4 26. bxc4 Qc8 27. Bxc5 Bxa1 28. Rxa1
f5 29. Qg3 Qe8 30. Nd6 h4 31. Qg5 Qe5 32. Qxg6+ Kh8 33. Qh5+ Kg8 34. Qg5+ Kh7
35. Qxh4+ Kg6 36. Re1 Rh8 37. Rxe5 1-0

[Event "Druzynowe Mistrzostwa Polski - II liga"]
[Site "Dom Wczasowy VIS Jastrzebia Gora"]
[Date "1899-12-30"]
[Round "5.45"]
[White "Luberanski, Jakub"]
[Black "Wozniak, Maciej"]
[Result "1/2-1/2"]
[WhiteTitle "FM"]
[BlackTitle "k"]
[WhiteElo "2211"]
[BlackElo "2022"]

1. d4 Nf6 2. c4 c5 3. d5 e6 4. Nc3 exd5 5. cxd5 d6 6. Nf3 g6 7. Nd2 Bg7 8. e4 O-O
9. Be2 Na6 10. O-O Nc7 11. f4 Re8 12. Bf3 Rb8 13. a4 b6 14. Re1 Ba6 15. Nf1 Nd7
16. Be3 Bxf1 17. Kxf1 a6 18. Qd2 b5 19. axb5 axb5 20. e5 dxe5 21. d6 Ne6 22. Nd5
Nb6 23. Ne7+ Kh8 24. Nc6 Nc4 25. Qd5 Qxd6 26. Qxd6 Nxd6 27. fxe5 Nc4 28. Nxb8
Rxb8 29. Bd5 Nxe5 30. Bxe6 fxe6 31. Bxc5 Nd3 32. Bd6 Re8 33. Re3 Nxb2 34. Be5
Nc4 35. Bxg7+ Kxg7 36. Rd3 Kf6 37. Ra7 Rb8 38. Rdd7 b4 39. Rab7 Rxb7 40. Rxb7
b3 41. Ke2 b2 42. Kd3 Ne5+ 43. Kd4 Nc6+ 44. Kc5 Ne5 45. Kd4 Nc6+ 46. Ke4 h5 47.
Rxb2 Ne7 48. Rb8 Nf5 49. Rf8+ Kg7 50. Ra8 Kf6 51. Ra2 Nd6+ 52. Kf4 Nf5 53. Rf2
Nd6 54. h3 e5+ 55. Ke3+ Nf5+ 56. Kd3 Ke6 57. Ra2 Nd6 58. Ra6 Kd5 59. Kc3 Nb5+
60. Kb4 Nd6 61. h4 Nf5 62. Rxg6 Nxh4 63. Rg5 Ke6 64. Kc5 Kf6 65. Rg8 Ng6 66. Kd6
Kf5 67. Re8 Kf6 68. g3 Kf5 69. Kd5 Kf6 70. Ke4 Kg5 71. Re6 h4 72. gxh4+ Nxh4 73.
Rxe5+ Kf6 74. Ra5 Ng6 75. Rh5 Ke6 76. Ra5 Kf6 77. Ra6+ Kg5 78. Re6 Nh4 79. Re7
1/2-1/2

[Event "Druzynowe Mistrzostwa Polski - II liga"]
[Site "Dom Wczasowy VIS Jastrzebia Gora"]
[Date "1899-12-30"]
[Round "5.46"]
[White "Wozny, Tomasz"]
[Black "Madej, Marek"]
[Result "0-1"]
[WhiteTitle "I"]
[BlackTitle "I++"]
[WhiteElo "1761"]
[BlackElo "2035"]

1. d4 Nf6 2. Nf3 g6 3. g3 Bg7 4. Bg2 O-O 5. c4 d6 6. b3 e5 7. O-O Nc6 8. Bb2 Bg4
9. dxe5 Nd7 10. h3 Bxf3 11. exf3 dxe5 12. Nc3 Re8 13. Qd2 Nc5 14. Rad1 Qxd2 15.
Rxd2 Ne6 16. Rfd1 Rab8 17. Ne2 a5 18. f4 exf4 19. Bxg7 Kxg7 20. Nxf4 Nxf4 21.
gxf4 Ne7 22. Rd7 c6 23. Re1 Kf8 24. Re5 a4 25. bxa4 Nf5 26. Rxe8+ Kxe8 27. Rxb7
Rxb7 28. Bxc6+ Rd7 29. a5 Nd4 30. Ba4 Kd8 31. Bxd7 Kxd7 32. Kg2 Kc6 33. Kg3 f5
34. Kh4 h6 35. Kg3 Kc5 36. f3 Kxc4 37. a6 Nc6 38. Kf2 Kb5 39. a7 Nxa7 40. Ke2
Kc4 41. a4 Kb4 42. Kd3 Nc6 43. a5 Kxa5 44. Kc4 Nb4 45. Kd4 Kb5 46. h4 Kc6 47.
Ke5 Nd3+ 48. Kf6 Nxf4 49. Kg7 h5 50. Kf6 Kd5 51. Kg5 Ke5 0-1

[Event "Druzynowe Mistrzostwa Polski - II liga"]
[Site "Dom Wczasowy VIS Jastrzebia Gora"]
[Date "1899-12-30"]
[Round "5.47"]
[White "Topola, Rafal"]
[Black "Wozniak, Marcin"]
[Result "1-0"]
[WhiteTitle "I"]
[BlackTitle "I++"]
[WhiteElo "2006"]
[BlackElo "1821"]

1. c4 Nf6 2. g3 d5 3. Bg2 dxc4 4. Qa4+ c6 5. Qxc4 g6 6. Nf3 Bg7 7. d3 Nbd7 8. Nc3
O-O 9. O-O b5 10. Qxc6 Rb8 11. Nd5 Ne8 12. Bg5 f6 13. Be3 Bb7 14. Qe6+ Rf7 15.
Nc3 b4 16. Na4 Nf8 17. Qb3 Bd5 18. Qc2 b3 19. axb3 Bxb3 20. Qd2 e5 21. Nc5 Bd5
22. Rfc1 f5 23. Na6 Rb5 24. Nb4 Ba8 25. Ng5 Rd7 26. Nc6 Qf6 27. Nxa7 Bxg2 28.
Nxb5 Bd5 29. Rc8 Rb7 30. Nc3 Bc6 31. Ra6 f4 32. gxf4 exf4 33. Bxf4 Qf5 34. Rcxc6
Qg4+ 35. Bg3 h5 36. Qf4 Qd7 37. Qc4+ Kh8 38. Rcb6 Rxb6 39. Rxb6 Qd8 40. Nf7+ 1-0

[Event "Druzynowe Mistrzostwa Polski - II liga"]
[Site "Dom Wczasowy VIS Jastrzebia Gora"]
[Date "1899-12-30"]
[Round "5.48"]
[White "Trybowska, Barbara"]
[Black "Smietanska, Wiktoria"]
[Result "1/2-1/2"]
[WhiteTitle "I++"]
[BlackTitle "CM"]
[WhiteElo "1848"]
[BlackElo "1851"]

1. d4 d5 2. c4 c6 3. cxd5 cxd5 4. Nc3 Nc6 5. Bf4 a6 6. a3 Nf6 7. e3 Bf5 8. Bd3
Bxd3 9. Qxd3 e6 10. Nf3 Be7 11. h3 O-O 12. O-O Rc8 13. b4 b5 14. Rfc1 Nd7 15.
Nd2 Nb6 16. Nb3 Nc4 17. Nc5 Ra8 18. Rcb1 Re8 19. Bg3 Qb6 20. Nd7 Qa7 21. Nc5 Red8
22. f3 Bf6 23. Kh2 h6 24. Bf2 g6 25. Ra2 h5 26. g4 hxg4 27. fxg4 e5 28. e4 dxe4
29. N3xe4 Bg7 30. d5 Nd4 31. Nc3 Qc7 32. Bg3 Qe7 33. Re1 a5 34. Nxb5 Nxb5 35.
Qxc4 Nd6 36. Qe2 axb4 37. axb4 Rxa2 38. Qxa2 Rb8 39. Qe2 Rxb4 40. Bxe5 Rb5 41.
Bxg7 1/2-1/2

[Event "Druzynowe Mistrzostwa Polski - II liga"]
[Site "Dom Wczasowy VIS Jastrzebia Gora"]
[Date "1899-12-30"]
[Round "5.49"]
[White "Panek, Bartosz"]
[Black "Mondrzycki, Bartlomiej"]
[Result "0-1"]
[WhiteTitle "k"]
[BlackTitle "CM"]
[WhiteElo "2179"]
[BlackElo "2220"]

1. e4 c5 2. Nf3 d6 3. Nc3 Nc6 4. Bc4 Nf6 5. d4 cxd4 6. Nxd4 Qb6 7. Nxc6 bxc6 8.
O-O g6 9. Bb3 Bg7 10. h3 O-O 11. Re1 Qc7 12. Bg5 h6 13. Bh4 Kh7 14. Na4 Nh5 15.
c4 c5 16. Nc3 Bxc3 17. bxc3 e5 18. Qd2 g5 19. Bg3 Be6 20. Rad1 Rfd8 21. Re3 a5
22. Rd3 a4 23. Bc2 Bxc4 24. Rxd6 Rxd6 25. Qxd6 Qxd6 26. Rxd6 Nxg3 27. fxg3 Bxa2
0-1

[Event "Druzynowe Mistrzostwa Polski - II liga"]
[Site "Dom Wczasowy VIS Jastrzebia Gora"]
[Date "1899-12-30"]
[Round "5.50"]
[White "Zareba, Radoslaw"]
[Black "Bilczewski, Kacper"]
[Result "1/2-1/2"]
[WhiteTitle "k"]
[BlackTitle "k+"]
[WhiteElo "2114"]
[BlackElo "2103"]

1. g3 d5 2. Bg2 c6 3. c4 Nf6 4. Nf3 Bg4 5. cxd5 cxd5 6. Ne5 Bd7 7. O-O e6 8. Nc3
Be7 9. d4 O-O 10. Qb3 Qb6 11. Qxb6 axb6 12. e4 dxe4 13. Nxe4 Bb5 14. Rd1 Ba4 15.
Rf1 Bb5 16. Rd1 Ba4 17. Rf1 1/2-1/2

[Event "Druzynowe Mistrzostwa Polski - II liga"]
[Site "Dom Wczasowy VIS Jastrzebia Gora"]
[Date "1899-12-30"]
[Round "5.51"]
[White "Samborski, Henryk"]
[Black "Piotrowski, Przemyslaw"]
[Result "0-1"]
[WhiteTitle "k"]
[BlackTitle "FM"]
[WhiteElo "2021"]
[BlackElo "2219"]

1. d4 c5 2. dxc5 e6 3. c4 Bxc5 4. Nc3 Nf6 5. Nf3 O-O 6. e3 d5 7. cxd5 exd5 8. Be2
Nc6 9. O-O a6 10. a3 d4 11. exd4 Nxd4 12. Nxd4 Bxd4 13. Bf3 Qb6 14. Nd5 Nxd5 15.
Bxd5 Be6 16. Qf3 Bxd5 17. Qxd5 Rad8 18. Qf3 Rd7 19. Rb1 h6 20. Be3 Bxe3 21. Qxe3
Qxe3 22. fxe3 Re8 23. Rbe1 Rd3 24. Kf2 Rb3 25. Re2 Re6 26. Rc1 Reb6 27. Rcc2 g6
28. Kf3 Kg7 29. Ke4 Kf6 30. Rf2+ Ke6 31. g4 R6b5 32. Rfe2 f6 33. h3 f5+ 34. gxf5+
Rxf5 35. Rg2 g5 36. Rc3 Rxc3 37. bxc3 Ra5 38. h4 Ra4+ 39. Kd3 Rxh4 40. Rb2 b5
41. Rf2 Ke5 42. Rf8 Ra4 43. Rh8 0-1

[Event "Druzynowe Mistrzostwa Polski - II liga"]
[Site "Dom Wczasowy VIS Jastrzebia Gora"]
[Date "1899-12-30"]
[Round "5.53"]
[White "Kubik, Rafal"]
[Black "Stelmaszuk, Maciej"]
[Result "1-0"]
[WhiteTitle "I++"]
[BlackTitle "I+"]
[WhiteElo "2023"]
[BlackElo "1992"]

1. e4 c5 2. c3 d5 3. exd5 Qxd5 4. d4 Nc6 5. Nf3 cxd4 6. cxd4 e5 7. Nc3 Bb4 8. Bd2
Bxc3 9. Bxc3 e4 10. Ne5 Nxe5 11. dxe5 Ne7 12. Qa4+ Bd7 13. Qb4 Qe6 14. Bc4 Bc6
15. Bd5 Bxd5 16. O-O a5 17. Qc5 b6 18. Qb5+ Qc6 19. Qxc6+ Bxc6 20. Rfd1 O-O 21.
Rd6 Rfc8 22. Rad1 Kf8 23. h3 b5 24. e6 f6 25. Bd4 Be8 26. Bc3 1-0

[Event "Druzynowe Mistrzostwa Polski - II liga"]
[Site "Dom Wczasowy VIS Jastrzebia Gora"]
[Date "1899-12-30"]
[Round "5.56"]
[White "Zarnowski, Krzysztof"]
[Black "Kolodziejski, Piotr"]
[Result "1-0"]
[WhiteTitle "I++"]
[BlackTitle "k"]
[WhiteElo "2050"]
[BlackElo "2057"]

1. d4 d5 2. c4 c6 3. cxd5 cxd5 4. Nc3 Nf6 5. Nf3 Nc6 6. Bf4 a6 7. Rc1 Qb6 8. e3
Bg4 9. Bd3 e6 10. O-O Rc8 11. Na4 Qd8 12. Qb3 Nb4 13. Ne5 Be7 14. Rxc8 Qxc8 15.
Nb6 Qd8 16. Qa4+ Kf8 17. Rc1 Nc6 18. Nxc6 Qxb6 19. Nxe7 Kxe7 20. Qa3+ Kd7 21.
Rc7+ Qxc7 22. Bxc7 Kxc7 23. Qe7+ Kb8 24. Qxf7 Rg8 25. h3 Bf5 26. Bxf5 exf5 27.
Qe6 f4 28. Qd6+ Ka7 29. Qxf4 Rc8 30. Qf5 Rc1+ 31. Kh2 h5 32. f3 1-0

[Event "Druzynowe Mistrzostwa Polski - II liga"]
[Site "Dom Wczasowy VIS Jastrzebia Gora"]
[Date "1899-12-30"]
[Round "5.58"]
[White "Slezinski, Nikodem"]
[Black "Komendecki, Jacek"]
[Result "1-0"]
[WhiteTitle "I++"]
[BlackTitle "k"]
[WhiteElo "1985"]
[BlackElo "1977"]

1. e4 c5 2. Nc3 Nc6 3. f4 g6 4. Nf3 Bg7 5. Bb5 Na5 6. O-O a6 7. Be2 b5 8. Qe1 Bb7
9. d3 d6 10. f5 Nf6 11. Qh4 Qb6 12. Kh1 b4 13. Nd1 Nc6 14. Ne3 Qc7 15. Qh3 a5
16. a3 Ba6 17. Bd1 b3 18. c4 a4 19. Bd2 Nd4 20. Bc3 Qa7 21. g4 Bb7 22. Rc1 Nd7
23. g5 Be5 24. Nd5 Bxd5 25. cxd5 Nxf3 1-0

[Event "Druzynowe Mistrzostwa Polski - II liga"]
[Site "Dom Wczasowy VIS Jastrzebia Gora"]
[Date "1899-12-30"]
[Round "5.60"]
[White "Hampel, Anna"]
[Black "Dmochowska, Agnieszka"]
[Result "1/2-1/2"]
[WhiteTitle "I++"]
[BlackTitle "WFM"]
[WhiteElo "1665"]
[BlackElo "1967"]

1. e4 c5 2. Nf3 Nc6 3. d4 cxd4 4. Nxd4 Nf6 5. Nxc6 bxc6 6. Bd3 e5 7. O-O Be7 8.
Qe1 O-O 9. Kh1 Qb6 10. Nc3 Re8 11. f4 d6 12. fxe5 dxe5 13. Qg3 Qc7 14. Bc4 Rf8
15. Bg5 Nh5 16. Qh4 Bxg5 17. Qxg5 Nf4 18. g3 Ne6 19. Qh5 Rb8 20. b3 Nd4 21. Ne2
Qe7 22. Nxd4 exd4 23. Bd3 c5 24. Rf4 Rb6 25. Raf1 Rh6 26. Qe2 Be6 27. Qd2 Qc7
28. Rh4 Rxh4 29. gxh4 Qe5 30. Rg1 f5 31. Qg5 1/2-1/2

[Event "Druzynowe Mistrzostwa Polski - II liga"]
[Site "Dom Wczasowy VIS Jastrzebia Gora"]
[Date "1899-12-30"]
[Round "5.63"]
[White "Zysko, Jan"]
[Black "Jankowiak, Piotr"]
[Result "1-0"]
[WhiteTitle "k"]
[BlackTitle "k"]
[WhiteElo "2071"]
[BlackElo "2046"]

1. e4 e5 2. Nf3 Nc6 3. Bb5 a6 4. Ba4 Nf6 5. O-O Be7 6. Re1 b5 7. Bb3 O-O 8. c3
d6 9. h3 Nb8 10. d4 Nbd7 11. c4 Bb7 12. Nc3 bxc4 13. Bxc4 exd4 14. Nxd4 Nb6 15.
Bb3 d5 16. e5 Ne8 17. Nf5 g6 18. Nxe7+ Qxe7 19. Bh6 Ng7 20. Qg4 Rfe8 21. Rad1
c6 22. Bg5 Qe6 23. Qb4 c5 24. Qxc5 Nd7 25. Qc7 Qc6 26. Qxc6 1-0

[Event "Druzynowe Mistrzostwa Polski - II liga"]
[Site "Dom Wczasowy VIS Jastrzebia Gora"]
[Date "1899-12-30"]
[Round "5.64"]
[White "Grzeskow, Adrian"]
[Black "Chrzaszcz, Malvina"]
[Result "1-0"]
[WhiteTitle "I+"]
[BlackTitle "k+"]
[WhiteElo "1946"]
[BlackElo "1968"]

1. d4 d5 2. Nc3 Nf6 3. Bf4 c6 4. f3 Bf5 5. g4 Bg6 6. h4 h6 7. e3 Qb6 8. Na4 Qa5+
9. c3 e6 10. h5 Bh7 11. b4 Qd8 12. Bd3 Bd6 13. Ne2 Bxf4 14. Nxf4 Nbd7 15. Kf2
e5 16. dxe5 Nxe5 17. Bxh7 Nxh7 18. Qd4 Qf6 19. Kg2 O-O 20. Nb2 Rfe8 21. Rhf1 Qg5
22. Nh3 Qh4 23. Qf4 Re6 24. Rae1 a5 25. a4 Qe7 26. Qd4 Nf6 27. Nf4 Rd6 28. Ne2
g6 29. Ng3 Kh7 30. Rh1 Re6 31. hxg6+ fxg6 32. g5 Ng8 33. gxh6 Re8 34. f4 1-0

[Event "Druzynowe Mistrzostwa Polski - II liga"]
[Site "Dom Wczasowy VIS Jastrzebia Gora"]
[Date "1899-12-30"]
[Round "5.65"]
[White "Gluszko, Monika"]
[Black "Statucki, Maciej"]
[Result "1-0"]
[WhiteTitle "k"]
[BlackTitle "I"]
[WhiteElo "1906"]
[BlackElo "1858"]

1. e4 c5 2. Nf3 Nc6 3. d4 cxd4 4. Nxd4 Nf6 5. Nc3 e5 6. Ndb5 d6 7. Bg5 a6 8. Na3
b5 9. Nd5 Be7 10. Bxf6 Bxf6 11. c3 Ne7 12. Nxf6+ gxf6 13. Nc2 Bb7 14. Bd3 d5 15.
exd5 Qxd5 16. Ne3 Qc5 17. Qc2 Nd5 18. Nxd5 Bxd5 19. O-O Rg8 20. Be4 Ke7 21. Rad1
Rad8 22. Bxd5 Rxd5 23. Qxh7 Rgd8 24. Qc2 Qd6 25. Rxd5 Qxd5 26. a4 e4 27. axb5
axb5 28. Re1 f5 29. f3 Qc5+ 30. Qf2 Qe5 31. fxe4 f4 32. Rf1 f6 33. h4 f3 34. Qxf3
Rd2 35. Rf2 Qd6 36. Rxd2 Qxd2 37. Qf2 Qd3 38. Qc5+ Ke8 39. e5 fxe5 40. Qxe5+ Kf7
41. b4 1-0

[Event "Druzynowe Mistrzostwa Polski - II liga"]
[Site "Dom Wczasowy VIS Jastrzebia Gora"]
[Date "1899-12-30"]
[Round "5.66"]
[White "Czarniecka, Aleksandra"]
[Black "Kaniak, Monika"]
[Result "1-0"]
[WhiteTitle "m"]
[BlackTitle "k"]
[WhiteElo "1960"]
[BlackElo "1824"]

1. e4 g6 2. d4 d6 3. Nc3 Nf6 4. Be3 Bg7 5. h3 O-O 6. Qd2 b6 7. Bh6 c5 8. Bxg7 Kxg7
9. d5 Nbd7 10. f4 a6 11. Nf3 Qc7 12. a4 Bb7 13. Bc4 b5 14. axb5 axb5 15. Rxa8
Rxa8 16. Nxb5 Qb6 17. O-O Nxe4 18. Qe1 f5 19. Ng5 Ndf6 20. Nc7 Qxb2 21. Nge6+
Kf7 22. Nxa8 Bxa8 23. Qd1 Qc3 24. Qd3 Qxd3 25. cxd3 Ng3 26. Ng5+ Ke8 27. Re1 Bxd5
28. Nxh7 Bxc4 29. Nxf6+ Kf7 30. dxc4 Kxf6 31. Kf2 Ne4+ 32. Ke3 e5 33. Rd1 Ke6
34. g4 Nf6 35. gxf5+ gxf5 36. Rf1 e4 1-0

[Event "Druzynowe Mistrzostwa Polski - II liga"]
[Site "Dom Wczasowy VIS Jastrzebia Gora"]
[Date "1899-12-30"]
[Round "5.67"]
[White "Zakrzewski, Marek"]
[Black "Zaskalski, Arkadiusz"]
[Result "1-0"]
[WhiteTitle "FM"]
[BlackTitle "k"]
[WhiteElo "2275"]
[BlackElo "2154"]

1. e4 c5 2. Nf3 d6 3. d4 cxd4 4. Nxd4 Nf6 5. Nc3 g6 6. Be3 Bg7 7. f3 a6 8. Qd2
b5 9. g4 Bb7 10. g5 Nh5 11. O-O-O Nd7 12. Kb1 Nb6 13. Qf2 Nc4 14. Bxc4 bxc4 15.
Nde2 Bc6 16. Bd4 Rb8 17. Ng3 Nxg3 18. hxg3 e5 19. Bc5 Bf8 20. Ba3 Qc7 21. Qe2
Qb7 22. Nd5 Bxd5 23. Rxd5 Qc6 24. c3 Be7 25. f4 exf4 26. gxf4 Kf8 27. Rhd1 Rb6
28. e5 1-0

[Event "Druzynowe Mistrzostwa Polski - II liga"]
[Site "Dom Wczasowy VIS Jastrzebia Gora"]
[Date "1899-12-30"]
[Round "5.68"]
[White "Mika, Tomasz"]
[Black "Bajerlein, Dawid"]
[Result "1-0"]
[WhiteTitle "CM"]
[BlackTitle "k+"]
[WhiteElo "2157"]
[BlackElo "2072"]

1. d4 Nf6 2. Bf4 b6 3. e3 Bb7 4. h3 d6 5. Nf3 Nbd7 6. Be2 c5 7. c3 g6 8. O-O Bg7
9. Nbd2 O-O 10. a4 cxd4 11. exd4 Ne4 12. Nxe4 Bxe4 13. Re1 Nf6 14. Qd2 Rc8 15.
Ra3 Bd5 16. a5 Rc7 17. axb6 axb6 18. Rea1 Qb8 19. Qe3 b5 20. Qd2 Rfc8 21. Ra5
Bc4 22. Bd1 b4 23. cxb4 Rb7 24. Qe1 Rxb4 25. Ra8 Rxb2 26. Rxb8 Rcxb8 27. Rc1 Nd5
28. Bg5 Bd3 29. Qa5 1-0

[Event "Druzynowe Mistrzostwa Polski - II liga"]
[Site "Dom Wczasowy VIS Jastrzebia Gora"]
[Date "1899-12-30"]
[Round "5.70"]
[White "Augustyn, Sebastian"]
[Black "Hemmerling, Jaroslaw"]
[Result "1/2-1/2"]
[WhiteTitle "k"]
[BlackTitle "I++"]
[WhiteElo "2093"]
[BlackElo "1855"]

1. e4 e5 2. Nc3 d6 3. d4 exd4 4. Qxd4 Nc6 5. Qe3 Nf6 6. Bd2 Be7 7. O-O-O O-O 8.
Bc4 a6 9. f3 b5 10. Bb3 Na5 11. g4 Nxb3+ 12. cxb3 Re8 13. g5 b4 14. gxf6 bxc3
15. Bxc3 Bxf6 16. Ne2 Bd7 17. Rhg1 Bxc3 18. Qxc3 f6 19. Nf4 Re5 20. Kb1 Kf8 21.
Rd2 Rc5 22. Qe3 Rg5 23. Rgd1 a5 24. h4 Re5 25. Rd4 Rb8 26. Qc3 Rb7 27. Rc1 Rc5
28. Rc4 Rbb5 29. Nd3 Rxc4 30. Qxc4 c6 31. b4 Qb6 32. bxa5 Qxa5 33. Nf4 Rc5 34.
Qd4 Rxc1+ 35. Kxc1 Qxa2 36. Qxd6+ Ke8 37. Qb8+ Kf7 38. Qb7 Qc4+ 39. Kd2 Qd4+ 40.
Ke2 Ke7 41. Nd3 Qd6 42. f4 Qd4 43. Qb4+ Qxb4 44. Nxb4 Kd6 45. Kd3 h6 46. Ke3 Be8
47. Nd3 g5 48. hxg5 hxg5 49. b4 Bf7 50. Kd4 gxf4 51. Nxf4 Ba2 52. Nh5 Ke6 53.
Kc5 Bb1 54. Kd4 Bc2 55. Ng7+ Kf7 56. Nf5 Ke6 57. Ne3 Bb1 58. Nc4 Ba2 59. Nd2 Kd6
60. Nf1 Bf7 61. Ne3 Be6 62. Ng2 Ba2 63. Nf4 Bb1 64. Ne2 Ba2 65. Ng3 Bb1 66. Nf5+
Ke6 67. Ne3 Ba2 68. Kc5 Bb1 69. Kd4 Ba2 70. Nd1 Kd6 71. Nc3 Bf7 72. Na4 Bb3 73.
Nb6 Ba2 74. Na4 1/2-1/2

[Event "Druzynowe Mistrzostwa Polski - II liga"]
[Site "Dom Wczasowy VIS Jastrzebia Gora"]
[Date "1899-12-30"]
[Round "5.71"]
[White "Stachowiak, Slawomir"]
[Black "Markiewicz, Mateusz"]
[Result "1/2-1/2"]
[WhiteTitle "I"]
[BlackTitle "I++"]
[WhiteElo "1861"]
[BlackElo "2048"]

1. e4 c5 2. Nf3 a6 3. a3 Nc6 4. d4 cxd4 5. Nxd4 d5 6. exd5 Qxd5 7. Be3 Nxd4 8.
Qxd4 Qxd4 9. Bxd4 Bf5 10. c3 f6 11. Be2 e5 12. Be3 Ne7 13. Bc5 Nd5 14. Bxf8 Rxf8
15. g3 O-O-O 16. Nd2 Nb6 17. O-O-O Na4 18. Nc4 Kc7 19. Rxd8 Rxd8 20. Rd1 Rxd1+
21. Bxd1 Nc5 22. Bc2 Be6 23. Ne3 g6 24. b4 Nd7 25. c4 1/2-1/2

[Event "Druzynowe Mistrzostwa Polski - II liga"]
[Site "Dom Wczasowy VIS Jastrzebia Gora"]
[Date "1899-12-30"]
[Round "5.72"]
[White "Jalowiec, Halina"]
[Black "Kostecka, Marika"]
[Result "1/2-1/2"]
[WhiteTitle "WFM"]
[BlackTitle "WCM"]
[WhiteElo "1807"]
[BlackElo "1868"]

1. e4 c5 2. Nf3 d6 3. d4 cxd4 4. Nxd4 Nf6 5. f3 e5 6. Nb3 Be6 7. c4 Nbd7 8. Bg5
Rc8 9. N1d2 Be7 10. Rc1 O-O 11. Bd3 Nh5 12. Bxe7 Qxe7 13. g3 Qg5 14. Qe2 Nc5 15.
Nxc5 dxc5 16. Kf2 Rc6 17. Qe3 Qg6 18. Rc3 Rd8 19. Bc2 Rcd6 20. Nb3 b6 21. Re1
Qf6 22. Qe2 Qh6 23. Kg1 Bc8 24. Rd3 Qg6 25. Rxd6 Rxd6 26. Kf2 Qh6 27. Kg1 Bh3
28. Rd1 Bc8 29. Rxd6 Qxd6 30. Qd2 Qe7 31. Nc1 Nf6 32. Ne2 Qd7 33. Qxd7 Bxd7 34.
Kf2 Ne8 35. Ke3 Nc7 36. f4 f6 37. Nc1 Kf7 38. Nd3 Ke6 39. Bd1 Kd6 40. a3 Be6 41.
b3 Na6 42. Nc1 Nb8 43. Bc2 Nc6 44. Ne2 Bf7 1/2-1/2

[Event "Druzynowe Mistrzostwa Polski - II liga"]
[Site "Dom Wczasowy VIS Jastrzebia Gora"]
[Date "1899-12-30"]
[Round "5.74"]
[White "Kokoszczynski, Jan"]
[Black "Mlynarski, Kamil"]
[Result "1-0"]
[WhiteTitle "FM"]
[BlackTitle "I++"]
[WhiteElo "2313"]
[BlackElo "1876"]

1. d4 Nf6 2. c4 c5 3. d5 g6 4. Nc3 d6 5. e4 Bg7 6. Nf3 O-O 7. h3 a6 8. a4 b6 9.
Bd3 Nbd7 10. Be3 e6 11. Qd2 exd5 12. exd5 Re8 13. O-O Ne5 14. Nxe5 Rxe5 15. Bf4
Re8 16. Rfe1 Ra7 17. Bg5 Rxe1+ 18. Rxe1 Qf8 19. Qf4 Nh5 20. Qe3 Be5 21. g4 Ng7
22. Kg2 f5 23. f3 Rf7 24. Rf1 h5 25. f4 Bd4 26. Qe2 fxg4 27. Bxg6 gxh3+ 28. Kh2
Bg4 29. Bxf7+ Qxf7 30. Qe4 h4 31. Ne2 Bxb2 32. Rg1 Bf5 33. Qf3 Kh7 34. Qb3 Bd4
35. Nxd4 cxd4 36. Qf3 d3 37. Qf2 Qe8 38. Re1 Qxa4 39. Bf6 Qxc4 40. Re7 Kg6 41.
Qg1+ 1-0

[Event "Druzynowe Mistrzostwa Polski - II liga"]
[Site "Dom Wczasowy VIS Jastrzebia Gora"]
[Date "1899-12-30"]
[Round "5.75"]
[White "Pomagalski, Marcin"]
[Black "Flak, Pawel"]
[Result "0-1"]
[WhiteTitle "I++"]
[BlackTitle "k+"]
[WhiteElo "1884"]
[BlackElo "2190"]

1. e4 Nf6 2. e5 Nd5 3. c4 Nb6 4. d4 d6 5. exd6 exd6 6. Nf3 Be7 7. Nc3 O-O 8. Be2
Bg4 9. Be3 c6 10. b3 Re8 11. O-O d5 12. c5 N6d7 13. b4 Bf6 14. h3 Bxf3 15. Bxf3
Nf8 16. Qd2 Ne6 17. g3 Nd7 18. Bg2 g6 19. f4 Ng7 20. g4 b5 21. a4 a5 22. bxa5
b4 23. Na2 Qxa5 24. Bf2 Reb8 25. g5 Bd8 26. Nc1 b3 27. Qb2 Qb4 28. Be1 Qc4 29.
a5 Nf5 30. Bc3 Ne3 31. Re1 Nxg2 32. Kxg2 Nf8 33. Ra3 Bc7 34. Rxb3 Bxf4 35. Rb6
Ne6 36. h4 Bc7 37. Rxb8+ Rxb8 38. Qd2 Nf4+ 39. Kf3 Qa6 40. Rh1 Re8 41. Re1 Re4
42. Qf2 Qc8 43. Qf1 Qf5 44. Rxe4 dxe4+ 45. Kf2 Nd5+ 46. Kg1 Bh2+ 0-1

[Event "Druzynowe Mistrzostwa Polski - II liga"]
[Site "Dom Wczasowy VIS Jastrzebia Gora"]
[Date "1899-12-30"]
[Round "5.77"]
[White "Skawinski, Szymon"]
[Black "Wypych, Dominik"]
[Result "1/2-1/2"]
[WhiteTitle "I"]
[BlackTitle "k"]
[WhiteElo "1641"]
[BlackElo "1997"]

1. e4 e6 2. d4 d5 3. e5 c5 4. c3 Nc6 5. Nf3 Bd7 6. Be2 cxd4 7. cxd4 Nge7 8. Na3
Nf5 9. Nc2 Qb6 10. O-O Rc8 11. g4 Nfe7 12. Ne3 h5 13. g5 g6 14. h4 Nf5 15. Nxf5
exf5 16. a3 Nd8 17. b4 Ne6 18. Qb3 Bb5 19. Bxb5+ Qxb5 20. Be3 Be7 21. Rfc1 O-O
22. Rc3 Rxc3 23. Qxc3 Qd7 24. Rc1 Bd8 25. Bd2 Bb6 26. Kg2 Rd8 27. Qd3 a6 28. Kg3
Rc8 29. Rxc8+ Qxc8 30. a4 Qc6 31. b5 axb5 32. axb5 Qd7 33. Bf4 Kg7 34. Be3 Qc8
35. Nd2 f4+ 36. Bxf4 Nxf4 37. Kxf4 Qg4+ 38. Ke3 Qxh4 39. Nf3 Qg4 40. Kd2 h4 41.
Qe3 h3 42. Kc3 Bd8 43. Kb4 Bb6 44. Kc3 Qf5 45. Nh2 Qb1 46. Kd2 Ba5+ 47. Ke2 Qxb5+
48. Kf3 Qd7 49. Kg3 Qc8 50. Ng4 Qc3 51. Kxh3 b5 52. Kg2 Qxe3 53. Nxe3 b4 54. Kf3
b3 55. Nd1 Bd2 56. Ke2 Bc1 57. Kd3 Bxg5 58. Kc3 f6 59. Kxb3 fxe5 60. dxe5 Bf4
61. Nc3 d4 62. Ne2 Bxe5 63. Kc4 Kf6 64. Nxd4 Kg5 65. Nf3+ Kf4 66. Nxe5 Kxe5 67.
Kd3 Kf4 68. Ke2 g5 69. Kf1 Kf3 70. Kg1 g4 71. Kf1 g3 72. fxg3 Kxg3 1/2-1/2

[Event "Druzynowe Mistrzostwa Polski - II liga"]
[Site "Dom Wczasowy VIS Jastrzebia Gora"]
[Date "1899-12-30"]
[Round "5.78"]
[White "Szczypawka, Aleksandra"]
[Black "Anyz, Monika"]
[Result "1/2-1/2"]
[WhiteTitle "I++"]
[BlackTitle "I++"]
[WhiteElo "1741"]
[BlackElo "1735"]

1. d4 c5 2. d5 Nf6 3. c4 e6 4. Nc3 exd5 5. cxd5 d6 6. e4 g6 7. h3 Bg7 8. Bd3 O-O
9. Nge2 a6 10. a4 Nbd7 11. f4 Nh5 12. Be3 Bd4 13. Nxd4 cxd4 14. Bxd4 Nxf4 1/2-1/2